| 000 | 01070nam a22003372a 4500 | ||
|---|---|---|---|
| 001 | 29180 | ||
| 003 | BD-RjUL | ||
| 005 | 20211209051400.0 | ||
| 008 | 140402s1973 nyu b 001 0 eng d | ||
| 020 | _a0080176844 (pbk.) | ||
| 020 | _a0080170293 | ||
| 035 | _a(BD-RjUL)29265 | ||
| 040 |
_aDLC _cDLC _dBD-RjUL _beng |
||
| 041 | _aeng | ||
| 082 | 0 | 0 |
_a616.8914 _bBUC 1973 |
| 100 | 1 |
_aBurck, Harman D. _989085 |
|
| 245 | 1 | 0 |
_aCounseling and accountability : _cHarman D. Burck, Harold F. Cottingham [and] Robert C. Reardon _bmethods and critique / |
| 260 |
_aNew York : _bPergamon Press, _cc1973. |
||
| 300 |
_axii, 279 p. ; _c23 cm. |
||
| 490 | 1 |
_aPergamon general psychology series ; _v30 |
|
| 504 | _aIncludes bibliographies and index. | ||
| 650 | 0 |
_aPsychiatry _xResearch. _93999 |
|
| 650 | 0 |
_aCounseling _989086 |
|
| 830 | 0 |
_v30 _989092 |
|
| 700 | 1 |
_aCottingham, Harold F. _989088 |
|
| 700 | 1 |
_aReardon, Robert C. _989089 |
|
| 830 | 0 |
_aPergamon general psychology series ; _989093 |
|
| 942 |
_2ddc _cBK |
||
| 999 |
_c29180 _d29180 |
||